Statistics for Bands named after historical figures

Click here to take the quiz!

General Stats

  • This quiz has been taken 28 times
  • The average score is 3 of 7

Answer Stats

HintAnswer% Correct
Indie rock band named after a catalyst of World War OneFranz Ferdinand
88%
Punk band named after deceased members of a high-profile familyDead Kennedys
85%
Stoner metal band named after a famous gay politicianHarvey Milk
46%
Rock band named after a famous artistThe Dandy Warhols
23%
English band named after the Manson Family getaway driverKasabian
8%
Indie band named after an American president, with an added twistAndrew Jackson Jihad
4%
Rock band named after the author of The Scarlet LetterHawthorne Heights
4%

Score Distribution

Percentile by Number Answered

Percent of People with Each Score

Your Score History

You have not taken this quiz